LEADER 01399nam a2200289 4500
001 45244
003 BD-DhAAL
005 20251230122236.0
008 251230t2017 ii a|||| |||| 00| 0 eng d
020 |a 9789352772735 
020 |a 978-9352772728 
040 |a BD-DhAAL  |c BD-DhAAL 
082 |a 324.2  |2 22 
100 |a Bhattacharya-Agarwal, Rwitwika.  |9 60030 
245 1 0 |a What makes a politician /  |c Rwitwika Bhattacharya-Agarwal. 
260 |a Noida, Uttar Pradesh :  |b HarperCollins,  |c 2017. 
300 |a 165 pages :  |b illustrations ;  |c 20 cm 
541 |a Donated by Farhana Zahir, Assistant Professor, BRAC Business School, BRAC University  |e 45244 
650 |a Politicians. 
650 |a Politics and government. 
650 |a Politics, practical  |v Vocational guidance.  |9 60031 
650 7 |a POLITICAL SCIENCE / Political Process / Political Parties.   |9 60032 
650 7 |a POLITICAL SCIENCE / Political Process / Leadership.  |9 60033 
852 |a Ayesha Abed Library 
942 |2 ddc  |c BK 
999 |c 47692  |d 47692 
952 |0 0  |1 0  |2 ddc  |4 0  |6 324_200000000000000_BHA  |7 0  |9 78654  |a BRACUL  |b BRACUL  |c NEW  |d 2025-12-30  |e Donated by Farhana Zahir, Assistant Professor, BRAC Business School, BRAC University  |l 2  |m 6  |o 324.2 BHA  |p 3010045244  |q 2026-06-02  |r 2026-04-20  |s 2026-04-20  |t 1  |w 2025-12-30  |y BK  |x Donated copy received from Farhana Zahir, Assistant Professor, BRAC Business School, BRAC University on 19 November 2025; MRP299